000
00329 a2200157 4500
001
61029
020
_a
040
_c
Anchieta - Pituba
100
_a
Samuel, Rogel
240
1
0
_a
Literatura básica; v. 3
_l
por
245
1
0
_a
Literatura básica; v. 3
300
_a
160
362
0
_a
1985
650
4
_a
LITERATURA
942
_c
BK
999
_c
61029
_d
61029